000 00240nam a22001217a 4500
003 SGT
082 _bKHA
100 _aKHANDWAL, DHEERA
245 _aTAARO KI TARAF
260 _aDELHI
_bS CHAND
_c2012
300 _a350
942 _2ddc
_cBK
999 _c20272
_d20272